Sociología política /

Guardado en:
Autor Corporativo: UBA.
Formato: Deslizar
Series:Siglo XXI
Materias:
Etiquetas: Agregar Etiqueta
Sin Etiquetas, Sea el primero en etiquetar este registro!
LEADER 00782ngm a22002415g 4500
001 CEM.cems022657
008 130507b2003##################0###0#####d
005 20241113151229.0
245 1 0 |a Sociología política /  |c UBA. 
300 |a 25'. 
490 0 |a Siglo XXI 
500 |a En soporte VHS, consultar en ventanilla. 
505 0 |a El hombre en el espacio público. El Estado como institución política. Su poder y funciones. 
538 |a Soporte: VHS - Norma: Pal N - Color: Si - Grabación DRD 2003 - Hitachi=3270 
110 2 |a UBA. 
082 3 0 |/ UBA 
653 |a SOCIOLOGIA 
653 |a ESTADO 
653 |a PODER 
653 |a WEBER,M. 
653 |a NIVEL PRIMARIO 
653 |a NIVEL SECUNDARIO 
859 |a CEMS  |b BIB. CEMS - Depto. Recursos Didacticos  |h 301  |i UBA  |k DRD  |p 1300.12  |t Ej.1